[Event "Robinson Cup U14"]
[Site "Dundalk"]
[Date "2019.07.24"]
[Round "5.10"]
[White "Stevenson, Neil"]
[Black "See, Tristian"]
[Result "0-1"]
[WhiteElo "1098"]
[BlackElo "1957"]
[PlyCount "84"]
[EventDate "2019.07.22"]
[EventType "team-tourn"]
[EventRounds "5"]
[EventCountry "IRL"]
[SourceTitle "EXT 2022"]
[Source "ChessBase"]
[SourceDate "2021.10.06"]
[SourceVersion "1"]
[SourceVersionDate "2021.10.06"]
[SourceQuality "1"]
[WhiteTeam "Wales (U14)"]
[BlackTeam "England (U14)"]
[WhiteTeamCountry "WLS"]
[BlackTeamCountry "ENG"]

1. e4 c5 2. c3 Nc6 3. d4 cxd4 4. cxd4 Nf6 5. Nc3 d6 6. Bb5 Bd7 7. Nf3 a6 8. Bd3 e6 9. 0-0 Qb6 10. d5 Ne5 11. Nxe5 dxe5 12. Re1 Bc5 13. Be3 Bxe3 14. Rxe3 Qxb2 15. Be2 Qb6 16. Rb1 Qa7 17. Qb3 b5 18. Qb4 h5 19. Rg3 Qd4 20. Rd3 Qxb4 21. Rxb4 0-0 22. h3 a5 23. Rb1 b4 24. Nd1 exd5 25. exd5 Bf5 26. Rbb3 Bxd3 27. Rxd3 Rac8 28. Ne3 Rc3 29. Rxc3 bxc3 30. Bd1 Rb8 31. Bc2 Rb4 32. d6 g6 33. a3 Rd4 34. Nd1 Rd2 35. Ne3 Rxd6 36. Nc4 Rd5 37. f3 Rd4 38. Ne3 Nd5 39. Nxd5 Rxd5 40. Kf1 Rd2 41. Be4 c2 42. Bxc2 Rxc2 0-1

[Event "Robinson Cup U14"]
[Site "Dundalk"]
[Date "2019.07.22"]
[Round "2.4"]
[White "See, Tristian"]
[Black "Arcot, Pranav"]
[Result "1-0"]
[WhiteElo "1957"]
[BlackElo "1589"]
[PlyCount "41"]
[EventDate "2019.07.22"]
[EventType "team-tourn"]
[EventRounds "5"]
[EventCountry "IRL"]
[SourceTitle "EXT 2022"]
[Source "ChessBase"]
[SourceDate "2021.10.06"]
[SourceVersion "1"]
[SourceVersionDate "2021.10.06"]
[SourceQuality "1"]
[WhiteTeam "England (U14)"]
[BlackTeam "Scotland (U14)"]
[WhiteTeamCountry "ENG"]
[BlackTeamCountry "SCO"]

1. e4 e6 2. Nf3 d5 3. Nc3 Nf6 4. e5 Nfd7 5. d4 c5 6. dxc5 Bxc5 7. Bd3 Nc6 8. Bf4 Qb6 9. 0-0 Qxb2 10. Nb5 0-0 11. Bxh7+ Kh8 12. Ng5 g6 13. Rb1 Qxa2 14. Qg4 Ne7 15. Bxg6 Kg7 16. Bd3 Ng6 17. Nxe6+ Kg8 18. Bxg6 Bxf2+ 19. Kh1 Nxe5 20. Bh7+ Kxh7 21. Qg7# 1-0

[Event "Stevenage 4NCL Easter op"]
[Site "Stevenage"]
[Date "2019.04.21"]
[Round "5"]
[White "Estevez Fernandez, Josue"]
[Black "See, Tristian"]
[Result "1-0"]
[WhiteElo "1976"]
[BlackElo "1978"]
[PlyCount "113"]
[EventDate "2019.04.19"]
[EventType "swiss"]
[EventRounds "7"]
[EventCountry "ENG"]
[SourceTitle "CBM 189 Extra"]
[Source "ChessBase"]
[SourceDate "2019.06.03"]
[SourceVersion "1"]
[SourceVersionDate "2019.06.03"]
[SourceQuality "1"]

1. e4 c5 2. Nf3 d6 3. Bb5+ Nc6 4. Bxc6+ bxc6 5. 0-0 Nf6 6. e5 dxe5 7. Nxe5 Qc7 8. Qf3 Bb7 9. Re1 e6 10. Na3 Be7 11. d3 Rc8 12. Qg3 Rg8 13. Qf3 Bd8 14. Nac4 Qe7 15. a4 Bc7 16. a5 a6 17. Bg5 h6 18. Bh4 g5 19. Bg3 Nd5 20. Qh5 Qf6 21. Ng4 Qg6 22. Qxh6 Qxh6 23. Nxh6 Rg6 24. Ng4 f5 25. Bxc7 Rxc7 26. Nge5 Rh6 27. Nf3 g4 28. Ng5 Bc8 29. h4 gxh3 30. Nxh3 Rg7 31. Kf1 f4 32. f3 Kd8 33. Re5 Rhg6 34. g4 fxg3 35. Kg2 Rh7 36. Rg5 Nf4+ 37. Kxg3 Rxh3+ 38. Kxf4 Rf6+ 39. Ke5 Rhxf3 40. Rh1 R3f5+ 41. Rxf5 Rxf5+ 42. Kd6 Rd5+ 43. Kxc6 Bd7+ 44. Kb6 Bb5 45. Rh8+ Kd7 46. Rh7+ Kc8 47. Rc7+ Kb8 48. Rxc5 Bxc4 49. dxc4 Rd2 50. Kxa6 Rxc2 51. b4 e5 52. b5 Rh2 53. Rxe5 Rh8 54. c5 Rc8 55. c6 Rh8 56. b6 Ka8 57. c7 1-0

[Event "BCF-chT4S 1819 (4NCL)"]
[Site "England"]
[Date "2019.04.13"]
[Round "7.71"]
[White "See, Tristian"]
[Black "Adebajo, Olufemi"]
[Result "1-0"]
[WhiteElo "2042"]
[BlackElo "1915"]
[PlyCount "47"]
[EventDate "2018.11.17"]
[EventType "team-swiss"]
[EventRounds "11"]
[EventCountry "ENG"]
[SourceTitle "EXT 2021"]
[Source "ChessBase"]
[SourceDate "2020.10.23"]
[SourceVersion "1"]
[SourceVersionDate "2020.10.23"]
[SourceQuality "1"]
[WhiteTeam "Poisoned Pawns Next Generation"]
[BlackTeam "MK Phoenix II"]
[WhiteTeamCountry "ENG"]
[BlackTeamCountry "ENG"]

1. e4 c5 2. Nf3 Nc6 3. Bb5 Nd4 4. Nxd4 cxd4 5. 0-0 e6 6. d3 Be7 7. f4 Nf6 8. Nd2 0-0 9. Nf3 Qb6 10. Ba4 Ng4 11. Qe2 Ne3 12. Bxe3 dxe3 13. Bb3 a5 14. a4 Bc5 15. Rad1 Bd4 16. Nxd4 Qxd4 17. c3 Qb6 18. Ba2 Qc6 19. Ra1 b5 20. Qxe3 bxa4 21. f5 Rb8 22. f6 Qb6 23. d4 Ba6 24. Qg5 1-0

[Event "Paris ChessMates 3rd"]
[Site "Paris"]
[Date "2019.03.29"]
[Round "2.1"]
[White "See, Tristian"]
[Black "Remenyik, David"]
[Result "1/2-1/2"]
[WhiteElo "1978"]
[BlackElo "1889"]
[PlyCount "69"]
[EventDate "2019.03.29"]
[EventType "team-tourn"]
[EventRounds "5"]
[EventCountry "FRA"]
[SourceTitle "CBM 189 Extra"]
[Source "ChessBase"]
[SourceDate "2019.06.03"]
[SourceVersion "1"]
[SourceVersionDate "2019.06.03"]
[SourceQuality "1"]
[WhiteTeam "England"]
[BlackTeam "Ireland"]
[WhiteTeamCountry "ENG"]
[BlackTeamCountry "IRL"]

1. e4 e6 2. Nf3 d5 3. Nc3 Nf6 4. e5 Nfd7 5. d4 a6 6. Bf4 c5 7. Qd2 Nc6 8. dxc5 Bxc5 9. Bd3 b5 10. 0-0 Nb4 11. Be2 Bb7 12. a3 Nc6 13. Bd3 b4 14. axb4 Bxb4 15. Qe2 Nc5 16. Na4 Nxd3 17. cxd3 a5 18. Rfc1 0-0 19. Nc5 Qe7 20. Nxb7 Qxb7 21. Rc2 Rfc8 22. Rac1 Ne7 23. Be3 Rxc2 24. Rxc2 Rc8 25. Qd1 Rxc2 26. Qxc2 Qc6 27. Nd4 Qxc2 28. Nxc2 Nc6 29. d4 f6 30. f4 Kf7 31. Kf2 h5 32. h3 g6 33. g4 hxg4 34. hxg4 f5 35. g5 1/2-1/2

[Event "Coventry Warwickshire op"]
[Site "Coventry"]
[Date "2019.02.24"]
[Round "4"]
[White "See, Tristian"]
[Black "Ansari, Athar"]
[Result "0-1"]
[WhiteElo "1963"]
[BlackElo "1909"]
[PlyCount "130"]
[EventDate "2019.02.22"]
[EventType "swiss"]
[EventRounds "5"]
[EventCountry "ENG"]
[SourceTitle "CBM 189 Extra"]
[Source "ChessBase"]
[SourceDate "2019.06.03"]
[SourceVersion "1"]
[SourceVersionDate "2019.06.03"]
[SourceQuality "1"]

1. e4 d5 2. exd5 Qxd5 3. Nc3 Qa5 4. d4 Nf6 5. Nf3 c6 6. Bd2 Qc7 7. Bc4 Bf5 8. Ne5 e6 9. g4 Be4 10. f3 Bd5 11. Nxd5 cxd5 12. Bb3 Nc6 13. Nxc6 bxc6 14. Qe2 a5 15. c3 a4 16. Bc2 Qb6 17. Rb1 Bd6 18. 0-0 c5 19. dxc5 Bxc5+ 20. Kh1 0-0 21. Bg5 Nd7 22. Rbd1 g6 23. Bc1 Rfe8 24. h4 Qc7 25. f4 a3 26. b3 Be7 27. Rd3 Bf6 28. Qe1 d4 29. g5 Bg7 30. c4 e5 31. f5 Qc6+ 32. Kg1 e4 33. fxg6 fxg6 34. Rh3 d3 35. Bd1 Qe6 36. Qg3 Bd4+ 37. Be3 Bxe3+ 38. Qxe3 Rf8 39. Rg3 Rxf1+ 40. Kxf1 Rf8+ 41. Kg2 Qe5 42. Rg4 Qa1 43. Qxe4 Qxd1 44. Qd5+ Rf7 45. Re4 Qf1+ 46. Kg3 Qf2+ 47. Kh3 Kg7 48. Qd4+ Qxd4 49. Rxd4 Ne5 50. Kg2 Rd7 51. Rxd7+ Nxd7 52. Kf2 Nc5 53. Ke3 Nxb3 54. Kxd3 Kf7 55. Kc2 Nd4+ 56. Kc3 Nf3 57. Kb3 Ke6 58. Kxa3 Kd6 59. Kb4 Kc6 60. a4 Nxh4 61. a5 Nf3 62. c5 Nxg5 63. a6 Ne6 64. Kc4 Nc7 65. a7 Kb7 0-1

[Event "Coventry Warwickshire op"]
[Site "Coventry"]
[Date "2019.02.23"]
[Round "3"]
[White "Mason, Donald"]
[Black "See, Tristian"]
[Result "1/2-1/2"]
[WhiteElo "2074"]
[BlackElo "1963"]
[PlyCount "31"]
[EventDate "2019.02.22"]
[EventType "swiss"]
[EventRounds "5"]
[EventCountry "ENG"]
[SourceTitle "CBM 189 Extra"]
[Source "ChessBase"]
[SourceDate "2019.06.03"]
[SourceVersion "1"]
[SourceVersionDate "2019.06.03"]
[SourceQuality "1"]

1. e4 c5 2. Nf3 Nc6 3. Bb5 d6 4. 0-0 Bd7 5. Re1 Nf6 6. c3 e5 7. d4 Qc7 8. d5 Ne7 9. a4 a6 10. Bxd7+ Nxd7 11. c4 g6 12. Nc3 Bg7 13. a5 0-0 14. h4 h6 15. h5 g5 16. g4 1/2-1/2

[Event "GBR-ch 105th U2050"]
[Site "Hull"]
[Date "2018.07.31"]
[Round "2"]
[White "See, Tristian"]
[Black "Balouka Myers, Reuben"]
[Result "0-1"]
[WhiteElo "1734"]
[BlackElo "1528"]
[PlyCount "130"]
[EventDate "2018.07.30"]
[EventType "swiss"]
[EventRounds "5"]
[EventCountry "ENG"]
[SourceTitle "EXT 2019"]
[Source "ChessBase"]
[SourceDate "2018.10.10"]
[SourceVersion "1"]
[SourceVersionDate "2018.10.10"]
[SourceQuality "1"]

1. e4 e6 2. Nf3 d5 3. Nc3 c5 4. exd5 exd5 5. d4 Be6 6. dxc5 Bxc5 7. Bd3 Nf6 8. 0-0 0-0 9. Bg5 h6 10. Bh4 Nbd7 11. Qd2 Qc7 12. Bg3 Qc6 13. Bb5 Qb6 14. Bxd7 Nxd7 15. Nxd5 Qxb2 16. Rfb1 Qa3 17. Nc7 Nf6 18. Nxa8 Rxa8 19. Qd3 Qa4 20. Qb5 Qa3 21. Qb2 Qa4 22. Be5 Ne4 23. Bd4 Rc8 24. Bxc5 Rxc5 25. Nd4 Bg4 26. Qb4 Qd7 27. Re1 a5 28. Qb2 Nc3 29. Nb3 Rc8 30. Qa3 Ne2+ 31. Kh1 Rxc2 32. Qxa5 Bh3 33. Rxe2 Rxe2 34. Qh5 Bg4 35. Qc5 Qe6 36. Qc3 Rxf2 37. Re1 Re2 38. Rxe2 Qxe2 39. Qa1 Be6 40. Nd4 Qxa2 41. Qg1 Bd5 42. h3 Qd2 43. Nf5 Qg5 44. Qf2 Qc1+ 45. Kh2 Qc7+ 46. Kh1 Qd7 47. Kh2 b5 48. g4 Qc7+ 49. Kg1 Qc1+ 50. Kh2 Qc7+ 51. Kg1 g6 52. Nxh6+ Kg7 53. Qd4+ Kxh6 54. g5+ Kxg5 55. Qxd5+ f5 56. Qxb5 Qg3+ 57. Kf1 Qxh3+ 58. Ke2 Qg2+ 59. Kd1 Kg4 60. Qa4+ Qe4 61. Qa7 Qf3+ 62. Ke1 g5 63. Kd2 Kg3 64. Kc1 Qf1+ 65. Kd2 Qf2+ 0-1

[Event "GBR-ch 105th Morning op"]
[Site "Hull"]
[Date "2018.07.30"]
[Round "1"]
[White "See, Tristian"]
[Black "Crombleholme, Alan K"]
[Result "1-0"]
[WhiteElo "1734"]
[BlackElo "1974"]
[PlyCount "71"]
[EventDate "2018.07.30"]
[EventType "swiss"]
[EventRounds "5"]
[EventCountry "ENG"]
[SourceTitle "EXT 2019"]
[Source "ChessBase"]
[SourceDate "2018.10.10"]
[SourceVersion "1"]
[SourceVersionDate "2018.10.10"]
[SourceQuality "1"]

1. e4 Nf6 2. e5 Nd5 3. c4 Nb6 4. d4 d6 5. f4 g6 6. Nc3 Bg7 7. Be3 0-0 8. Nf3 Be6 9. b3 Na6 10. Be2 c5 11. 0-0 cxd4 12. Bxd4 dxe5 13. Bxe5 Nb4 14. Bxg7 Qxd1 15. Raxd1 Kxg7 16. Nd4 Bd7 17. Bf3 Rab8 18. c5 Nc8 19. Nc2 Nxc2 20. Rxd7 b5 21. Rc1 Ne3 22. Kf2 Nf5 23. g4 Nh6 24. Nd5 Ng8 25. g5 b4 26. Rc4 a5 27. Nc7 a4 28. Na6 Rb5 29. Rxb4 Rxb4 30. Nxb4 axb3 31. axb3 e6 32. Nc6 Re8 33. b4 Nce7 34. Nxe7 Nxe7 35. b5 Kf8 36. b6 1-0

[Event "Telford 4NCL op-B 19th"]
[Site "Telford"]
[Date "2018.07.13"]
[Round "1"]
[White "Pink, Joshua"]
[Black "See, Tristian"]
[Result "1/2-1/2"]
[WhiteElo "1891"]
[BlackElo "1734"]
[PlyCount "45"]
[EventDate "2018.07.13"]
[EventType "swiss"]
[EventRounds "5"]
[EventCountry "ENG"]
[SourceTitle "EXT 2019"]
[Source "ChessBase"]
[SourceDate "2018.10.10"]
[SourceVersion "1"]
[SourceVersionDate "2018.10.10"]
[SourceQuality "1"]

1. e4 c5 2. Nf3 Nc6 3. d4 cxd4 4. Nxd4 Nf6 5. Nc3 d6 6. Nxc6 bxc6 7. e5 dxe5 8. Qxd8+ Kxd8 9. Bc4 e6 10. Bg5 Be7 11. 0-0-0+ Nd5 12. Ne4 Bxg5+ 13. Nxg5 Ke7 14. Rhe1 f6 15. Ne4 Rd8 16. Nc5 g5 17. h4 g4 18. Bb3 Bd7 19. Ba4 Rac8 20. Nb7 Rf8 21. Nc5 Rfd8 22. Nb7 Rf8 23. Nc5 1/2-1/2

[Event "Coventry 4NCL op-B 16th"]
[Site "Coventry"]
[Date "2017.11.05"]
[Round "5"]
[White "See, Tristian"]
[Black "Lawrence, Roy A"]
[Result "1-0"]
[WhiteElo "1683"]
[BlackElo "1720"]
[PlyCount "77"]
[EventDate "2017.11.03"]
[EventType "swiss"]
[EventRounds "5"]
[EventCountry "ENG"]
[SourceTitle "CBM 181 Extra"]
[Source "ChessBase"]
[SourceDate "2017.12.12"]
[SourceVersion "1"]
[SourceVersionDate "2017.12.12"]
[SourceQuality "1"]

1. e4 g6 2. d4 Bg7 3. Nf3 d6 4. h3 Nf6 5. Bd3 0-0 6. 0-0 Nbd7 7. Bf4 c6 8. c3 Qb6 9. Qc2 Re8 10. Nbd2 e5 11. Be3 Qc7 12. Rac1 Nf8 13. Rfe1 Be6 14. Ng5 Rac8 15. Nxe6 Nxe6 16. dxe5 dxe5 17. Nc4 c5 18. a4 b6 19. Rcd1 Rcd8 20. Be2 Rxd1 21. Rxd1 Rd8 22. f3 Nh5 23. Kf2 Nhf4 24. Bf1 Qe7 25. g3 Nh5 26. Rd2 Nhf4 27. Rxd8+ Qxd8 28. gxf4 Qh4+ 29. Ke2 exf4 30. Bf2 Qe7 31. Qd3 Nc7 32. Qd6 Qxd6 33. Nxd6 Bf8 34. Nc8 b5 35. axb5 Nxb5 36. c4 Nd4+ 37. Bxd4 cxd4 38. Nxa7 Bc5 39. Nc6 1-0

[Event "Milton Keynes 4NCL Major op 11th"]
[Site "Milton Keynes"]
[Date "2016.11.06"]
[Round "5.11"]
[White "Goodfellow, Russell Robert"]
[Black "See, Tristian"]
[Result "1-0"]
[WhiteElo "1925"]
[BlackElo "1514"]
[PlyCount "61"]
[EventDate "2016.11.04"]
[EventType "swiss"]
[EventRounds "5"]
[EventCountry "ENG"]
[SourceTitle "EXT 2023"]
[Source "ChessBase"]
[SourceDate "2022.10.05"]
[SourceVersion "1"]
[SourceVersionDate "2022.10.05"]
[SourceQuality "1"]

1. e4 c5 2. Nf3 d6 3. d4 cxd4 4. Nxd4 Nf6 5. Nc3 g6 6. Be3 Bg7 7. f3 Nc6 8. Nb3 Be6 9. Nd5 Rc8 10. c4 b6 11. Qd2 0-0 12. Be2 h5 13. Bg5 Qd7 14. Rc1 Rfe8 15. 0-0 Nh7 16. Be3 Bxd5 17. exd5 Ne5 18. h3 Qa4 19. Nd4 Nd7 20. b3 Qa3 21. Rc2 Bxd4 22. Bxd4 Ndf6 23. Bd3 b5 24. g4 bxc4 25. bxc4 hxg4 26. fxg4 Nd7 27. Rc3 Qa5 28. Qh6 Ne5 29. Rxf7 Nf3+ 30. Kh1 Qxa2 31. Qxh7# 1-0

[Event "Milton Keynes 4NCL Major op 11th"]
[Site "Milton Keynes"]
[Date "2016.11.06"]
[Round "4.10"]
[White "See, Tristian"]
[Black "Burrows, Nick"]
[Result "1/2-1/2"]
[WhiteElo "1514"]
[BlackElo "1894"]
[PlyCount "109"]
[EventDate "2016.11.04"]
[EventType "swiss"]
[EventRounds "5"]
[EventCountry "ENG"]
[SourceTitle "EXT 2023"]
[Source "ChessBase"]
[SourceDate "2022.10.05"]
[SourceVersion "1"]
[SourceVersionDate "2022.10.05"]
[SourceQuality "1"]

1. e4 c6 2. d4 d5 3. Nc3 dxe4 4. Nxe4 Bf5 5. Ng3 Bg6 6. Nf3 Nd7 7. Bd3 e6 8. Be3 Ngf6 9. Bxg6 hxg6 10. h3 Bd6 11. Ne2 Qc7 12. c3 0-0-0 13. Qc2 Kb8 14. 0-0-0 Nd5 15. Rhf1 N7f6 16. Kb1 Nh5 17. c4 Ndf4 18. Nxf4 Nxf4 19. c5 Bf8 20. Rg1 Nd5 21. a3 Be7 22. Nd2 Rh5 23. Ne4 f5 24. Nc3 Nxc3+ 25. Qxc3 f4 26. Bd2 Bf6 27. Qc4 Rxd4 28. Qxe6 Rhd5 29. Qe2 Qd7 30. Kc1 a6 31. Bc3 Rxd1+ 32. Rxd1 Bxc3 33. bxc3 Ka7 34. Rd2 Qf5 35. Qg4 Qxg4 36. hxg4 Rxc5 37. Kc2 Ra5 38. Kb3 Rd5 39. Re2 Kb6 40. Re7 Rd2 41. Rxg7 Rxf2 42. Rxg6 Rxg2 43. g5 Kc5 44. Rf6 Rxg5 45. Rxf4 b5 46. a4 a5 47. Rh4 Kd5 48. axb5 cxb5 49. c4+ bxc4+ 50. Rxc4 Rg3+ 51. Rc3 a4+ 52. Kb4 Rxc3 53. Kxc3 a3 54. Kb3 a2 55. Kxa2 1/2-1/2

[Event "Daventry Stokes Cup U12"]
[Site "Daventry"]
[Date "2016.07.18"]
[Round "1.3"]
[White "Jaufarally, Nadia"]
[Black "See, Tristian"]
[Result "0-1"]
[WhiteElo "1409"]
[BlackElo "1465"]
[PlyCount "131"]
[EventDate "2016.07.18"]
[EventType "team-tourn"]
[EventRounds "5"]
[EventCountry "ENG"]
[SourceTitle "EXT 2020"]
[Source "ChessBase"]
[SourceDate "2019.10.17"]
[SourceVersion "1"]
[SourceVersionDate "2019.10.17"]
[SourceQuality "1"]
[WhiteTeam "England II"]
[BlackTeam "England"]
[WhiteTeamCountry "ENG"]
[BlackTeamCountry "ENG"]

1. c4 e5 2. Nc3 Nf6 3. e3 Nc6 4. Nf3 d6 5. d4 exd4 6. exd4 Bg4 7. Be2 Be7 8. 0-0 0-0 9. a3 Re8 10. Be3 h6 11. Qc2 Qd7 12. Rad1 Bf8 13. b4 Bf5 14. Bd3 Ne7 15. Rfe1 Bxd3 16. Qxd3 Ng6 17. Rd2 a5 18. Rde2 axb4 19. axb4 Ra3 20. Bc1 Rxe2 21. Rxe2 Ra1 22. Re1 Qg4 23. h3 Qd7 24. Bb2 Rxe1+ 25. Nxe1 d5 26. c5 Nf4 27. Qe3 Ne6 28. Nd3 c6 29. Ne5 Qd8 30. Ne2 Nd7 31. Ng6 Nxd4 32. Bxd4 fxg6 33. Qe6+ Kh7 34. Nf4 Nf6 35. Qf7 Qe8 36. Qxb7 g5 37. Bxf6 gxf4 38. Bc3 Qg6 39. Qb8 f3 40. Qg3 fxg2 41. Kxg2 Be7 42. Qxg6+ Kxg6 43. f4 Kf7 44. Kf3 g6 45. Be5 Ke6 46. Ke3 g5 47. Bd6 Bxd6 48. cxd6 gxf4+ 49. Kxf4 Kxd6 50. h4 Ke6 51. Ke3 Ke5 52. Kd3 h5 53. Ke3 d4+ 54. Kd3 Kd5 55. Kc2 Kc4 56. Kd2 Kxb4 57. Kd3 c5 58. Kc2 c4 59. Kd2 Kb3 60. Kc1 Kc3 61. Kd1 Kb2 62. Kd2 c3+ 63. Kd3 c2 64. Kxd4 c1Q 65. Ke5 Qc4 66. Kf5 0-1

[Event "BCF-ch Week2 PM op"]
[Site "Coventry"]
[Date "2015.08.06"]
[Round "4"]
[White "See, Tristian"]
[Black "O'Brien, Ray"]
[Result "0-1"]
[WhiteElo "1675"]
[BlackElo "1685"]
[PlyCount "92"]
[EventDate "2015.08.03"]
[EventType "swiss"]
[EventRounds "5"]
[EventCountry "ENG"]
[SourceTitle "CBM 167 Extra"]
[Source "ChessBase"]
[SourceDate "2015.09.14"]
[SourceVersion "1"]
[SourceVersionDate "2015.09.14"]
[SourceQuality "1"]

1. e4 Nf6 2. e5 Nd5 3. c4 Nb6 4. d4 d6 5. exd6 cxd6 6. Nc3 g6 7. Nf3 Bg7 8. Be2 0-0 9. 0-0 Bg4 10. Be3 Nc6 11. h3 Bxf3 12. Bxf3 Nxc4 13. Qa4 Nxe3 14. fxe3 Rb8 15. Bd5 e6 16. Be4 Na5 17. Qc2 b5 18. b3 Qg5 19. Qf2 Bh6 20. Qf4 Qxf4 21. exf4 Bg7 22. Ne2 d5 23. Bd3 Nc6 24. Rad1 Nxd4 25. Nxd4 Bxd4+ 26. Kh2 Be3 27. Rf3 d4 28. g4 f5 29. g5 Rfc8 30. h4 Rc3 31. Kg3 a6 32. h5 Rbc8 33. Kh4 Rc1 34. Rxc1 Rxc1 35. hxg6 hxg6 36. a4 Rc3 37. Bf1 Rxb3 38. Kh3 bxa4 39. Bxa6 Bxf4 40. Rxb3 axb3 41. Bc4 b2 42. Bxe6+ Kg7 43. Bxf5 gxf5 44. g6 Kxg6 45. Kh4 b1Q 46. Kh3 Qh1# 0-1

[Event "BCF-ch U10"]
[Site "Coventry"]
[Date "2015.08.05"]
[Round "5"]
[White "Volovich, Julia"]
[Black "See, Tristian"]
[Result "0-1"]
[WhiteElo "1520"]
[BlackElo "130"]
[PlyCount "124"]
[EventDate "2015.08.02"]
[EventType "swiss"]
[EventRounds "7"]
[EventCountry "ENG"]
[SourceTitle "CBM 167 Extra"]
[Source "ChessBase"]
[SourceDate "2015.09.14"]
[SourceVersion "1"]
[SourceVersionDate "2015.09.14"]
[SourceQuality "1"]

1. d4 d5 2. c4 c6 3. Nc3 Nf6 4. e3 e6 5. Nf3 Nbd7 6. cxd5 exd5 7. Bd3 Be7 8. 0-0 0-0 9. Qc2 h6 10. Re1 Bb4 11. Bd2 Re8 12. e4 Bxc3 13. Bxc3 dxe4 14. Bxe4 Nxe4 15. Rxe4 Nf6 16. Rxe8+ Qxe8 17. Re1 Be6 18. Ne5 Qd8 19. Nd3 Bf5 20. f3 Nd5 21. Qd2 Nxc3 22. bxc3 Bxd3 23. Qxd3 c5 24. Qc4 cxd4 25. Qxd4 Qxd4+ 26. cxd4 Rd8 27. Rd1 f6 28. Kf2 Kf7 29. Ke3 Rd5 30. Rc1 Rd7 31. Rc5 g6 32. d5 Ke7 33. Kd4 b6 34. Rc8 h5 35. Rc6 Rd6 36. Rc7+ Rd7 37. Rxd7+ Kxd7 38. Kc4 a6 39. a4 Kd6 40. f4 g5 41. g3 h4 42. f5 hxg3 43. hxg3 g4 44. Kd4 b5 45. axb5 axb5 46. Kc3 Kxd5 47. Kb4 Ke5 48. Kxb5 Kxf5 49. Kc4 Ke4 50. Kc3 Kf3 51. Kd2 Kxg3 52. Ke2 Kh2 53. Kf1 g3 54. Ke2 g2 55. Kf3 g1Q 56. Kf4 Qg5+ 57. Kf3 Qe5 58. Kf2 f5 59. Kf3 Qe4+ 60. Kf2 f4 61. Kf1 f3 62. Kf2 Qe2# 0-1